| 000 | 00649nam a2200229 a 4500 | ||
|---|---|---|---|
| 005 | 20210219153256.0 | ||
| 008 | 991125n 000 0 u | ||
| 035 | _aUPN01000088013 | ||
| 100 | _aHanks, Wendy D. | ||
| 222 | _aJOURNAL OF SPEECH, LANGUAGE, AND HEARING RESEARCH | ||
| 245 | _aMiddle ear resonance and acoustic immittance measures in children | ||
| 300 | _a218-222 | ||
| 362 | _a36, No. 1, 1993 | ||
| 505 | _aAgosto 1993 | ||
| 653 | 0 | _aMEDIDAS (INDIVIDUALES) | |
| 653 | 0 | _aPRUEBA AUDITIVA | |
| 653 | 0 | _aPRUEBAS DE DIAGNOSTICO | |
| 653 | 0 | _aSORDERA | |
| 700 | _aRose, Katie J. | ||
| 904 |
_aAC _b025824 |
||
| 905 | _aArticulo | ||
| 999 |
_c72809 _d72809 |
||